Tribunal Fiscal de la Nación (Registro nro. 2319)
[ vista simple ]
| 000 -LEADER | |
|---|---|
| fixed length control field | 01665 a2200229 4500 |
| 001 - CONTROL NUMBER | |
| control field | 32983 |
| 005 - DATE AND TIME OF LATEST TRANSACTION | |
| control field | 20260407155625.0 |
| 008 - FIXED-LENGTH DATA ELEMENTS--GENERAL INFORMATION | |
| fixed length control field | 260407a2010 arg spa d |
| 003 - CONTROL NUMBER IDENTIFIER | |
| control field | AR-UNSa-BCEJYS |
| 040 ## - CATALOGING SOURCE | |
| Original cataloging agency | AR-UNSa-BCEJYS |
| Language of cataloging | spa |
| Transcribing agency | AR-UNSa-BCEJYS |
| 080 ## - UNIVERSAL DECIMAL CLASSIFICATION NUMBER | |
| Universal Decimal Classification number | 336.221 |
| Common auxiliary subdivision | Tributación |
| 020 ## - INTERNATIONAL STANDARD BOOK NUMBER | |
| International Standard Book Number | 978-987-660-053-8 |
| 041 ## - LANGUAGE CODE | |
| Language code of text/sound track or separate title | spa |
| 100 1# - MAIN ENTRY--PERSONAL NAME | |
| Personal name | Urresti, Esteban J. |
| 245 10 - TITLE STATEMENT | |
| Title | Tribunal Fiscal de la Nación |
| Name of part/section of a work | a los 50 años de su creación |
| 264 #1 - PRODUCTION, PUBLICATION, DISTRIBUTION, MANUFACTURE, AND COPYRIGHT NOTICE | |
| Place of production, publication, distribution, manufacture | Buenos Aires : |
| Name of producer, publisher, distributor, manufacturer | EDICON (Fondo Editorial Consejo) |
| Date of production, publication, distribution, manufacture, or copyright notice | 2010 |
| 300 ## - PHYSICAL DESCRIPTION | |
| Extent | 2 v.(440, 660 p.) |
| Dimensions | 25 cm. |
| 505 ## - FORMATTED CONTENTS NOTE | |
| Formatted contents note | Vol.I: 1. Prologo - 2. Resoluciones dictados por Presidente del tribunal fiscal de la nación en relación a la celebración del 50 aniversario del organismo - 3. Discusión parlamentaria de la ley 15.265 de creación, organización y competencia del tribunal fiscal de la nación - 4. Texto de la ley 15.265 - 5. Decreto 4048 del 13 de abril de 1960 - 7. Decreto 1232 del 14 de febrero de 1963 - 8. Reseña legislativa del tribunal fiscal de la nación - 9. Antecedentes de tribunales fiscales en los códigos fiscales - 10. Encuentros y trabajos de investigación en los que se trató la problematica de los tribunales fiscales - 11. Tribunales fiscales de provincias - 12. Integrantes del tribunal fiscal de la Nación a lo largo - 13. Composición actual del Tribunal Fiscal de la Nación - 14. Pasado y presente del tribunal fiscal de la Nación a trvés de imágenes - 15. Anexo legislativo -- Vol II: |
| 590 ## - LOCAL NOTE (RLIN) | |
| Local note | niveau_biblio:m niveau_hierar:0 |
| 856 41 - ELECTRONIC LOCATION AND ACCESS | |
| Uniform Resource Identifier | <a href="https://biblioeco.unsa.edu.ar/pmb/images/libros/tribunal_fiscal_nacion.jpg">https://biblioeco.unsa.edu.ar/pmb/images/libros/tribunal_fiscal_nacion.jpg</a> |
| Link text | Imagen de portada |
| Electronic format type | image/jpeg |
| 942 ## - ADDED ENTRY ELEMENTS (KOHA) | |
| Koha item type | |
| Withdrawn status | Lost status | Damaged status | Not for loan | Home library | Current library | Shelving location | Date acquired | Total checkouts | Full call number | Barcode | Date last seen | Price effective from | Koha item type |
|---|---|---|---|---|---|---|---|---|---|---|---|---|---|
| Biblioteca Prof. Eusebio Cleto del Rey | Biblioteca Prof. Eusebio Cleto del Rey | 07/04/2026 | P336.221 U81 v.1 | L125249 | 07/04/2026 | 07/04/2026 | Libro | ||||||
| Biblioteca Prof. Eusebio Cleto del Rey | Biblioteca Prof. Eusebio Cleto del Rey | 07/04/2026 | P336.221 U81 v.1 | L125250 | 07/04/2026 | 07/04/2026 | Libro | ||||||
| Biblioteca Prof. Eusebio Cleto del Rey | Biblioteca Prof. Eusebio Cleto del Rey | 07/04/2026 | P336.221 U81 v.2 | L125251 | 07/04/2026 | 07/04/2026 | Libro | ||||||
| Biblioteca Prof. Eusebio Cleto del Rey | Biblioteca Prof. Eusebio Cleto del Rey | 07/04/2026 | P336.221 U81 v.2 | L125252 | 07/04/2026 | 07/04/2026 | Libro |